Statistics for C Quiz

Click here to take the quiz!

General Stats

  • This quiz has been taken 29 times
  • The average score is 9 of 15

Answer Stats

Answer% Correct
Che Guevara
93%
Cher
86%
Casablanca
86%
Chile
82%
Canary
82%
Chipmunk
79%
Clark Gable
68%
Chicago
64%
Churro
64%
Candice Bergen
50%
Charlemagne
46%
Chad
39%
Cassowary
36%
Cape Town
18%
Catalonia
18%

Score Distribution

Percentile by Number Answered

Percent of People with Each Score

Your Score History

You have not taken this quiz